000 00603nam a2200241Ia 4500
003 0100
008 130303s9999 xx 000 0 und d
040 _cARRUPELIB
050 _aBL51.C537
100 _aClack, Beverley
245 4 _aThe philosophy of religion
245 _ba critical introduction
260 _aCambridge
260 _bPolity Press
260 _C1998
300 _a209p.
300 _b 23 cm
650 _bGood and evil-congresses
650 _cJudgement (Ethic)-Congresses
650 _dGrant, Ruth Weissbourd, 1951-
700 _aClack, Brian R.
942 _2lcc
_04
999 _c64400
_d64400